| Tag |
First Indicator |
Second Indicator |
Subfields |
| LEADER |
00000cam a2200000 4500 |
| 001 |
in00000096365 |
| 005 |
20150925090141.0 |
| 008 |
750716s1944 eng u |
| 010 |
|
|
|a 41009930
|
| 035 |
|
|
|a (OCoLC)01454078
|
| 035 |
|
|
|9 AAL2334AM
|
| 040 |
|
|
|c JPL
|d TXA
|d UtOrBLW
|
| 049 |
|
|
|a TXAM
|c 1 [419604]
|c 2 [484571]
|c 2 [124731]
|
| 050 |
0 |
0 |
|a TL570
|b .P26
|
| 082 |
0 |
|
|a 620.1328
|
| 100 |
1 |
|
|a Parkinson, Leslie Rendall,
|d 1910-
|
| 245 |
1 |
0 |
|a Aerodynamics /
|c by Leslie R. Parkinson...
|
| 264 |
|
1 |
|a New York :
|b The Macmillan company,
|c 1944.
|
| 300 |
|
|
|a vii, 112 pages :
|b illustrations, plates, diagrams ;
|c 22 cm.
|
| 336 |
|
|
|a text
|b txt
|2 rdacontent
|
| 337 |
|
|
|a unmediated
|b n
|2 rdamedia
|
| 338 |
|
|
|a volume
|b nc
|2 rdacarrier
|
| 650 |
|
0 |
|a Aerodynamics.
|
| 999 |
|
|
|a MARS
|
| 999 |
f |
f |
|s 80c144b4-bf1d-31f4-a73b-85a891a1b099
|i 13a7971f-b576-3ad1-9d8f-0fb23d3f479a
|t 0
|
| 952 |
f |
f |
|p ric
|a Texas A&M University
|b Rellis Campus
|c Joint Library Facility
|d Remote Storage
|t 0
|e TL570 .P26
|h Library of Congress classification
|i unmediated -- volume
|m A14805542753
|
| 998 |
f |
f |
|a TL570 .P26
|t 0
|l Remote Storage
|